| 000 | 01092nam a2200325Ia 4500 | ||
|---|---|---|---|
| 005 | 20220317001831.0 | ||
| 008 | 170410s9999 xx 000 0 und d | ||
| 020 | _a9789584236340 | ||
| 020 | _a9584236342 | ||
| 041 | _aspa | ||
| 100 | 1 |
_aTolkien, John Ronald Revel _d1892-1973 |
|
| 245 | 1 | 3 |
_aEl señor de los anillos, II _blas dos torres _cJ.R.R Tolkien |
| 250 | _a1a. edición, 2a reimpresión | ||
| 300 |
_a476 páginas _c19 cm |
||
| 490 | _aBooket | ||
| 534 | _tThe Lord of the rings II. The two towers | ||
| 650 | 1 | 4 |
_2LEMB _aNovela sudafricna _ySiglo XIX |
| 650 | 1 | 4 |
_2LEMB _aLiteratura sudafricana _ySiglo XIX |
| 650 | 1 | 4 |
_2LEMB _aMitología nórdica en la literatura |
| 650 | 1 | 4 |
_2LEMB _aMundos fantásticos en la literatura |
| 650 | 1 | 4 |
_2LEMB _aNovela fantástica |
| 650 | 1 | 4 |
_2LEMB _aPersonajes fantásticos en la literatura |
| 942 |
_2loc _cBKLIT |
||
| 264 |
_aBogotá _bPlaneta _c2014 |
||
| 336 |
_atexto _btxt _2rdacontent |
||
| 337 |
_asin mediación _bn _2rdamedia |
||
| 338 |
_avolumen _bnc _2rdacarrier |
||
| 040 |
_aCO-BoRNBP _bspa _erda _cCO-BoRNBP |
||
| 084 | _aN TOL3 | ||
| 999 |
_c8249 _d8249 |
||